[Event "III DOLNOSLASKA LIGA SZACHOWA 2019/2020"]
[Site "Dolny Slask"]
[Date "1899-12-30"]
[Round "1.2"]
[White "Gromczak, Dariusz"]
[Black "Drazek, Wladyslaw"]
[Result "1-0"]
[WhiteTitle "I+"]
[BlackTitle "k"]
[WhiteElo "1818"]
[BlackElo "1862"]

1. e4 e6 2. d4 d5 3. Nd2 dxe4 4. Nxe4 Nc6 5. Nf3 Nf6 6. Nxf6+ Qxf6 7. Bg5 Qf5 8.
Bd3 Qd5 9. c3 Be7 10. Bf4 Qd8 11. O-O Bd6 12. Qd2 O-O 13. Rfe1 Bxf4 14. Qxf4 h6
15. Rad1 Ne7 16. Qe4 f5 17. Qe2 c6 18. Bc4 Nd5 19. Bb3 a5 20. c4 Nf6 21. d5 exd5
22. cxd5 cxd5 23. Qb5 Ra6 24. Bxd5+ Nxd5 25. Rxd5 Qf6 26. Re8 Be6 27. Re5 Rxe8
28. Qxe8+ Kh7 29. a3 Rd6 30. h3 Bd5 31. Qe7 Bxf3 32. Qxf6 Rxf6 33. gxf3 Rb6 34.
Rxf5 Rxb2 35. Rxa5 b6 36. Ra6 b5 37. Kg2 b4 38. axb4 Rxb4 39. Kg3 Rb1 40. f4 Rb3+
41. f3 Rb1 42. f5 Rb4 43. Ra7 Kg8 44. h4 Rb5 45. Kg4 Rb6 46. Re7 Kf8 47. Re6 Rb1
48. f6 Kf7 49. fxg7 Kxg7 50. Re7+ Kf6 51. Ra7 Rg1+ 52. Kf4 Rh1 53. Ra6+ Kg7 54.
Kg4 Rg1+ 55. Kf5 Rh1 56. Ra7+ Kf8 57. Kf6 Ke8 58. Ra8+ Kd7 59. Ra4 Rh3 60. Rf4
Rg3 61. Kf7 h5 62. Rd4+ Kc6 63. Rf4 Kd6 64. Kf6 Rg8 65. Rd4+ Kc5 66. Rd3 Kc4 67.
Ra3 Rg3 68. Kf5 Kd4 69. Kf4 Rg8 70. Ra4+ Kd3 71. Ra5 Rh8 72. Re5 Kd4 73. Rf5 Kd3
74. Kg5 Ke3 75. Kg6 Kf2 76. Rxh5 Ra8 77. Rf5 Rg8+ 78. Kf7 1-0

[Event "III DOLNOSLASKA LIGA SZACHOWA 2019/2020"]
[Site "Dolny Slask"]
[Date "1899-12-30"]
[Round "1.3"]
[White "Zak, Pawel"]
[Black "Szablewski, Krzysztof"]
[Result "1/2-1/2"]
[WhiteTitle "I"]
[BlackTitle "II"]
[WhiteElo "1773"]
[BlackElo "1839"]

1. b4 d5 2. Bb2 Bg4 3. Nf3 c6 4. e3 e6 5. c4 Nf6 6. a3 Bd6 7. Be2 Nbd7 8. O-O O-O
9. Nc3 Re8 10. d4 Qc7 11. h3 Bh5 12. Rc1 Rac8 13. cxd5 exd5 14. Nb5 Qb8 15. Nxd6
Qxd6 16. Ne5 Bxe2 17. Qxe2 Ne4 18. Rc2 f6 19. Nd3 Qe6 20. Nc5 Ndxc5 21. dxc5 Rc7
22. Bd4 Rf7 23. b5 Ng5 24. Rb2 Rfe7 25. Rfb1 Qe4 26. Rb4 Qg6 27. bxc6 bxc6 28.
Kh2 Ne6 29. R1b3 Qf5 30. Qf3 Qxf3 31. gxf3 Kf7 32. Kg3 Kg6 33. a4 Kf5 34. a5 Nc7
35. Bb2 Na6 36. Rf4+ Ke6 37. Ba3 g5 38. Rd4 Kf5 39. Rd2 Nc7 40. Rb7 Nb5 41. Rxe7
Rxe7 42. Bb2 h5 43. Rd3 Re6 44. Rb3 Kg6 45. Rb4 h4+ 46. Kg2 f5 47. Kf1 Kh5 48.
Kg2 Kg6 49. Kf1 Re7 50. Kg2 Kf7 51. Bc1 Kg6 52. Bb2 Kf7 53. Bc1 Ke6 54. Bb2 Rf7
55. Bc1 Rg7 56. Bb2 Rg6 57. Kh2 Rg8 58. Kg2 Rd8 59. Kf1 Rd7 60. Kg2 Rb7 61. a6
Rf7 62. Kf1 Nc7 63. Ra4 f4 64. Kg2 Rf8 65. Bc1 Ke5 66. Bd2 Rf7 67. Ba5 Nb5 68.
Bd2 Rf5 69. Rb4 Rf7 70. Bc1 Rf5 71. Bb2+ Ke6 72. Bc1 Nc7 73. Ra4 Ke5 74. Bb2+
Ke6 75. Bc1 Ke5 76. Bb2+ Ke6 1/2-1/2

[Event "III DOLNOSLASKA LIGA SZACHOWA 2019/2020"]
[Site "Dolny Slask"]
[Date "1899-12-30"]
[Round "1.4"]
[White "Dudek, Wojciech"]
[Black "Klimowicz, Jan"]
[Result "1-0"]
[WhiteTitle "I"]
[BlackTitle "I"]
[WhiteElo "1832"]
[BlackElo "1405"]

1. Nf3 g6 2. g3 Bg7 3. Bg2 Nf6 4. d4 d5 5. O-O c6 6. Nbd2 Nbd7 7. Re1 b5 8. a4
Bb7 9. a5 a6 10. b4 O-O 11. Bb2 h6 12. Nh4 Qc7 13. f4 e6 14. e3 h5 15. h3 Nh7
16. Kh1 Qd8 17. Rg1 Bf6 18. Nhf3 Kg7 19. e4 dxe4 20. Nxe4 Be7 21. d5+ Ndf6 22.
d6 Kg8 23. dxe7 Qxe7 24. Nxf6+ Nxf6 25. Qd4 Kg7 26. Ng5 Rfd8 27. Qe5 Rd7 28. Ne4
Rd5 29. Qxf6+ Qxf6 30. Bxf6+ Kg8 31. Rad1 Rc8 32. Nd6 Rc7 33. Bxd5 cxd5 34. Nxb7
Rxb7 35. Rd3 Rc7 36. Rc3 Rc4 37. Rxc4 bxc4 38. b5 1-0

[Event "III DOLNOSLASKA LIGA SZACHOWA 2019/2020"]
[Site "Dolny Slask"]
[Date "1899-12-30"]
[Round "1.5"]
[White "Tust-kopec, Dominika"]
[Black "Gruz, Ewa"]
[Result "1-0"]
[WhiteTitle "k"]
[BlackTitle "I+"]
[WhiteElo "1801"]
[BlackElo "1474"]

1. e4 c6 2. d4 d5 3. Nc3 e6 4. a3 dxe4 5. Nxe4 Nd7 6. Nf3 Ngf6 7. Nxf6+ Nxf6 8.
Bd3 c5 9. dxc5 Bxc5 10. b4 Be7 11. O-O O-O 12. Bb2 b6 13. Ng5 h6 14. Ne4 Bb7 15.
Re1 Nd5 16. Qf3 Qc7 17. Rac1 Qf4 18. Qxf4 Nxf4 19. Bf1 Rfd8 20. g3 Nd5 21. c4
Nc7 22. c5 bxc5 23. Nxc5 Bd5 24. Be5 Bd6 25. Bxd6 Rxd6 26. Bg2 Nb5 27. Bxd5 Rxd5
28. a4 Nd4 29. Kg2 Rb8 30. Na6 Rb6 31. b5 Nxb5 32. axb5 Rdxb5 33. Nc5 a5 34. Na4
Rd6 35. Rc5 Rd5 36. Rc8+ Kh7 37. Nc3 Rdc5 38. Nxb5 Rxc8 39. Ra1 Ra8 40. Ra4 Kg6
41. Nd4 e5 42. Nc6 f6 43. Rxa5 Rxa5 44. Nxa5 e4 45. Nc4 f5 46. h3 Kh5 47. Nd6
Kg5 48. Kf1 Kf6 49. Ke2 Ke6 50. Nb5 g5 51. Ke3 Ke5 52. Nc7 f4+ 53. Ke2 fxg3 54.
fxg3 h5 55. Ke3 Kf5 56. Nb5 Ke5 57. Nc3 Kf5 58. Nxe4 h4 59. g4+ Kg6 1-0

[Event "III DOLNOSLASKA LIGA SZACHOWA 2019/2020"]
[Site "Dolny Slask"]
[Date "1899-12-30"]
[Round "1.6"]
[White "Dobrowolski, Aleksander"]
[Black "Luberanski, Jakub"]
[Result "1-0"]
[WhiteTitle "m"]
[BlackTitle "I++"]
[WhiteElo "2224"]
[BlackElo "2015"]

1. e4 c5 2. Nf3 e6 3. d4 cxd4 4. Nxd4 a6 5. Be2 Qc7 6. O-O Nf6 7. Nc3 Be7 8. f4
d6 9. Kh1 O-O 10. a4 Nc6 11. Be3 Bd7 12. Qe1 Nxd4 13. Bxd4 Bc6 14. Qg3 g6 15.
f5 e5 16. Be3 Nxe4 17. Nxe4 Bxe4 18. f6 Bxf6 19. Rxf6 Qxc2 20. Re1 Rfd8 21. Bh6
Bf5 22. Rxd6 Qxb2 23. Rxd8+ Rxd8 24. Qg5 Qb6 25. Bc4 Re8 26. Rf1 Rc8 27. Qe7 Be6
28. Qf6 1-0

[Event "III DOLNOSLASKA LIGA SZACHOWA 2019/2020"]
[Site "Dolny Slask"]
[Date "1899-12-30"]
[Round "1.7"]
[White "Kanicki, Krzysztof"]
[Black "Pankiewicz, Tomasz"]
[Result "1-0"]
[WhiteTitle "k+"]
[BlackTitle "k"]
[WhiteElo "2144"]
[BlackElo "2230"]

1. e4 e6 2. d4 d5 3. Nd2 c5 4. exd5 exd5 5. Ngf3 Nc6 6. Bb5 cxd4 7. O-O Bd6 8.
Nb3 Nge7 9. Nfxd4 O-O 10. Re1 Qc7 11. h3 Bd7 12. Bd3 Nb4 13. Bf1 a6 14. c3 Nbc6
15. Be3 Rfe8 16. Qh5 g6 17. Qh6 Nc8 18. Rad1 Nb6 19. Nf3 Bf8 20. Qh4 Nc4 21. Bxc4
Re4 22. Qg5 dxc4 23. Nc5 Re7 24. Bf4 Ne5 25. Nxe5 1-0

[Event "III DOLNOSLASKA LIGA SZACHOWA 2019/2020"]
[Site "Dolny Slask"]
[Date "1899-12-30"]
[Round "1.8"]
[White "Helaszek, Edward"]
[Black "Marko, Piotr"]
[Result "1-0"]
[WhiteTitle "k"]
[BlackTitle "I"]
[WhiteElo "2000"]
[BlackElo "1820"]

1. e4 e5 2. Nf3 Nc6 3. Bb5 a6 4. Ba4 Nf6 5. d3 Bc5 6. c3 b5 7. Bb3 d5 8. Qe2 O-O
9. O-O Bg4 10. Nbd2 d4 11. h3 Bxf3 12. Nxf3 Qd6 13. Nh4 g6 14. Bh6 Rfe8 15. Kh1
Nh5 16. Qf3 Qf6 17. Qxf6 Nxf6 18. Bg5 Nd7 19. Bd5 Ndb8 20. f4 Ra7 21. f5 Nd8 22.
fxg6 hxg6 23. Nxg6 c6 24. Bb3 Ne6 25. Bxe6 Rxe6 26. Nh4 dxc3 27. bxc3 Rd7 28.
Rf3 Bf8 29. Nf5 f6 30. Bh4 Rh7 31. a4 Nd7 32. axb5 axb5 33. Ra8 Nb6 34. Rb8 Nd7
35. Rd8 Nc5 36. Bf2 Nb7 37. Rb8 Rd7 38. Kg1 Kf7 39. Kf1 Nd6 40. Nxd6+ Rexd6 41.
Bc5 Be7 42. Bxd6 Bxd6 43. Rb6 1-0

[Event "III DOLNOSLASKA LIGA SZACHOWA 2019/2020"]
[Site "Dolny Slask"]
[Date "1899-12-30"]
[Round "1.9"]
[White "Starosciak, Szymon"]
[Black "Grossmann, Ryszard"]
[Result "1-0"]
[WhiteTitle "I"]
[BlackTitle "FM"]
[WhiteElo "1703"]
[BlackElo "1944"]

1. e4 c6 2. d4 d5 3. exd5 cxd5 4. Bd3 Nf6 5. h3 Nc6 6. c3 g6 7. Nf3 Bg7 8. O-O
O-O 9. Bf4 Bd7 10. Re1 Rc8 11. Nbd2 Re8 12. Nb3 Qb6 13. Nc5 Bf5 14. Bxf5 gxf5
15. Qb3 Qxb3 16. axb3 b6 17. Nd3 a5 18. Nfe5 e6 19. b4 axb4 20. Nxc6 Rxc6 21.
Nxb4 Rcc8 22. Ra6 Nd7 23. Ra7 Nf8 24. Bc7 b5 25. Rea1 Ng6 26. Bd6 Red8 27. R1a6
e5 28. Bxe5 Bxe5 29. dxe5 Nxe5 30. Rb7 d4 31. cxd4 Rxd4 32. Rxb5 Ng6 33. Nc6 Rd1+
34. Kh2 f4 35. h4 Re8 36. h5 Ree1 37. Kh3 Nf8 38. Rg5+ Ng6 39. hxg6 hxg6 40. b4
f5 41. Ne7+ Rxe7 42. Rgxg6+ Kf7 43. Raf6+ Ke8 44. Rxf5 Rh7+ 45. Kg4 Rg1 1-0

[Event "III DOLNOSLASKA LIGA SZACHOWA 2019/2020"]
[Site "Dolny Slask"]
[Date "1899-12-30"]
[Round "1.11"]
[White "Efinowicz, Michal"]
[Black "Sernecki, Franciszek"]
[Result "0-1"]
[WhiteTitle "k"]
[BlackTitle "I++"]
[WhiteElo "2122"]
[BlackElo "2276"]

1. d3 d5 2. e4 e6 3. c3 Nf6 4. Qc2 Be7 5. Bg5 h6 6. Bh4 O-O 7. Nd2 c5 8. Ne2 Nc6
9. Bxf6 Bxf6 10. f4 e5 11. g3 d4 12. c4 a6 13. Bg2 b5 14. O-O Qd6 15. Rac1 Be7
16. a3 Bd7 17. h3 Rab8 18. Kh2 b4 19. Nf3 Bf6 20. f5 Rb6 21. h4 Qe7 22. Rb1 Rfb8
23. Nd2 Na5 24. Bf3 Qe8 25. Nc1 R8b7 26. Be2 bxa3 27. bxa3 Ba4 28. Qa2 Rxb1 29.
Nxb1 Qb8 30. Qd2 Nc6 0-1

[Event "III DOLNOSLASKA LIGA SZACHOWA 2019/2020"]
[Site "Dolny Slask"]
[Date "1899-12-30"]
[Round "1.12"]
[White "Janocha, Wieslaw"]
[Black "Kossobudzki, Robert"]
[Result "0-1"]
[WhiteTitle "FM"]
[BlackTitle "I"]
[WhiteElo "2253"]
[BlackElo "2116"]

1. e4 c5 2. Nf3 a6 3. Nc3 e6 4. d4 cxd4 5. Nxd4 Qc7 6. g3 Bb4 7. Qd3 Nf6 8. Bg2
O-O 9. O-O Nc6 10. Nde2 Ne5 11. Qd1 d6 12. Bg5 Nfd7 13. a3 Bxc3 14. Nxc3 f6 15.
Bc1 b6 16. f4 Nf7 17. f5 Nde5 18. Rf2 Re8 19. h3 Bb7 20. Qd4 Qc5 21. Be3 Nc4 22.
Na4 Qxd4 23. Bxd4 b5 24. Nb6 Nxb6 25. Bxb6 Ng5 26. Rf4 Rac8 27. c3 Rc4 28. Re1
exf5 29. Bd4 fxe4 30. h4 Ne6 31. Rfxe4 Bxe4 32. Rxe4 Kf8 33. Bf2 Rxe4 34. Bxe4
Ng5 35. Bc6 Nh3+ 36. Kf1 Nxf2 37. Bxe8 Kxe8 38. Kxf2 Ke7 39. Ke3 Ke6 40. Ke4 h5
41. b3 g5 42. c4 f5+ 43. Kd4 bxc4 44. b4 f4 0-1

[Event "III DOLNOSLASKA LIGA SZACHOWA 2019/2020"]
[Site "Dolny Slask"]
[Date "1899-12-30"]
[Round "1.13"]
[White "Grzesik, Norbert"]
[Black "Wieczorek, Mikolaj"]
[Result "0-1"]
[WhiteTitle "I++"]
[BlackTitle "I"]
[WhiteElo "2015"]
[BlackElo "1837"]

1. e4 c5 2. Nf3 d6 3. d4 cxd4 4. Nxd4 Nf6 5. Nc3 a6 6. Bg5 e6 7. f4 Be7 8. Qf3
Qc7 9. O-O-O Nbd7 10. g4 h6 11. Bxf6 Bxf6 12. h4 b5 13. g5 Bxd4 14. Rxd4 Qc5 15.
Rd2 Bb7 16. Bd3 b4 17. Ne2 a5 18. Kb1 a4 19. Rc1 Nb6 20. f5 hxg5 21. hxg5 a3 22.
b3 Rh2 23. Qg3 Qe5 24. Qxe5 dxe5 25. fxe6 fxe6 26. c3 Rd8 27. Bb5+ Ke7 28. Rxd8
Kxd8 29. Rd1+ Ke7 30. cxb4 Bxe4+ 31. Kc1 Nd5 32. Kd2 Bf3 33. Re1 e4 0-1

[Event "III DOLNOSLASKA LIGA SZACHOWA 2019/2020"]
[Site "Dolny Slask"]
[Date "1899-12-30"]
[Round "1.14"]
[White "Dahche, Abdel-azziz"]
[Black "Krosny, Miroslaw"]
[Result "0-1"]
[WhiteTitle "II"]
[BlackTitle "I"]
[WhiteElo "1526"]
[BlackElo "1997"]

1. e4 e5 2. Nf3 Nc6 3. d4 exd4 4. Nxd4 Qf6 5. Be3 Bc5 6. c3 Nge7 7. Be2 d5 8. Bf3
dxe4 9. Bxe4 Nxd4 10. cxd4 Bb4+ 11. Nc3 O-O 12. O-O c6 13. a3 Bd6 14. Qh5 Bf5
15. Rfe1 Rfe8 16. Rad1 Rad8 17. Bg5 Qg6 18. Qh4 Bxe4 19. Nxe4 Nf5 20. Qh3 f6 21.
Nxd6 Nxd6 22. Bf4 Nf5 23. Qb3+ Qf7 24. Rxe8+ Rxe8 25. Qxf7+ Kxf7 26. g4 Re4 27.
gxf5 Rxf4 28. d5 c5 29. Rc1 b6 30. b4 c4 31. d6 Ke8 32. Re1+ Kd7 33. Re7+ Kxd6
34. Rxa7 c3 35. Ra8 Rc4 36. Rd8+ Ke5 37. Rd1 c2 38. Rc1 Kd4 39. Kf1 Kc3 40. Ke2
Kb2 41. Kd2 Rd4+ 0-1

[Event "III DOLNOSLASKA LIGA SZACHOWA 2019/2020"]
[Site "Dolny Slask"]
[Date "1899-12-30"]
[Round "1.15"]
[White "Woznica, Alicja"]
[Black "Skiba, Aleksandra"]
[Result "0-1"]
[WhiteTitle "II+"]
[BlackTitle "I++"]
[WhiteElo "1117"]
[BlackElo "1812"]

1. e4 c5 2. Qe2 Nc6 3. f4 d6 4. Nf3 Bg4 5. c3 e5 6. f5 Be7 7. g3 Nf6 8. Bg2 d5
9. d3 dxe4 10. dxe4 O-O 11. O-O Qc7 12. h3 Bxf3 13. Qxf3 Rad8 14. g4 h6 15. h4
Nh7 16. Qg3 f6 17. Na3 a6 18. Nc2 c4 19. Ne3 Rd3 20. Rf3 Bc5 21. Bf1 Rd1 22. Kg2
Bxe3 23. Rxe3 b5 24. Be2 Rd7 25. Qh2 Nd8 26. Rh3 Nf7 27. Be3 Qc6 28. Kf3 Nd6 29.
Kf2 Nxe4+ 30. Ke1 Nc5 31. g5 fxg5 32. hxg5 Nd3+ 33. Bxd3 cxd3 34. gxh6 d2+ 35.
Bxd2 Qe4+ 36. Re3 Qxf5 37. Qg2 Rdf7 38. Ke2 Qh5+ 39. Kd3 Qxh6 40. Re2 Qf6 41.
Rae1 Rd8+ 42. Kc2 Re8 43. Be3 Qf5+ 44. Kc1 Rfe7 45. Rd1 Nf6 46. Bg5 Re6 47. Rf1
Qg6 48. Bxf6 Rxf6 49. Rxf6 Qxf6 50. Qe4 g6 51. Rd2 Qf1+ 52. Rd1 Qf4+ 53. Qxf4
exf4 54. Rd6 Kg7 55. Rd3 g5 56. Kd2 Kf6 57. Rh3 Kf5 58. Kd3 Rd8+ 59. Ke2 g4 60.
Rh5+ Ke4 61. Rh7 Re8 0-1

[Event "III DOLNOSLASKA LIGA SZACHOWA 2019/2020"]
[Site "Dolny Slask"]
[Date "1899-12-30"]
[Round "1.16"]
[White "Markowski, Piotr"]
[Black "Daniel, Damian"]
[Result "1/2-1/2"]
[WhiteTitle "k"]
[BlackTitle "k"]
[WhiteElo "2070"]
[BlackElo "2195"]

1. c4 e5 2. Nc3 f5 3. g3 Nf6 4. Bg2 g6 5. d4 e4 6. f3 exf3 7. Nxf3 Bg7 8. O-O O-O
9. e4 fxe4 10. Ng5 Nc6 11. Be3 d6 12. h3 h6 13. Ngxe4 Nxe4 14. Rxf8+ Qxf8 15.
Nxe4 Bf5 16. Nc3 Re8 17. Bf2 g5 18. Qd2 Kh8 19. Rf1 Qe7 20. Kh2 Qd7 21. Bg1 Bg6
22. a3 Nd8 23. d5 a6 24. b3 Nf7 25. Ne2 Ne5 26. Nd4 Re7 27. Ne6 Rf7 28. Re1 Bf6
29. Bd4 Kh7 30. Qe2 Qe8 31. Be4 Qg8 32. Bxe5 Bxe5 33. Nxg5+ hxg5 34. Qh5+ Kg7
35. Bxg6 Rf2+ 36. Kg1 Rf6 37. Bd3 Kf8 38. Qg4 Ke7 39. h4 Kd8 40. hxg5 Rf8 41.
g6 Qg7 42. Kg2 Bd4 43. Bf5 a5 44. Re6 b6 45. Qh4+ Bf6 46. Rxf6 Rxf6 47. Qh7 Qxh7
48. gxh7 Rh6 49. g4 Ke7 50. g5 Rh5 51. Bg6 Rh4 52. Kg3 Rh1 53. Be4 Rh5 54. Kf2
Kf8 55. Ke2 Kg7 56. g6 Rh2+ 57. Kd1 a4 58. bxa4 Ra2 59. Bc2 Rxa3 60. Kd2 Rh3 61.
Bd3 Rh2+ 62. Ke3 Rh3+ 63. Kd2 Rh2+ 64. Kd1 Rg2 65. Bc2 Rg4 66. Bd3 Rg2 67. Ke1
Rh2 68. Kd1 1/2-1/2

[Event "III DOLNOSLASKA LIGA SZACHOWA 2019/2020"]
[Site "Dolny Slask"]
[Date "1899-12-30"]
[Round "1.17"]
[White "Dzikowski, Michal"]
[Black "Kowalczuk, Mikolaj"]
[Result "1-0"]
[WhiteTitle "k"]
[BlackTitle "I"]
[WhiteElo "2136"]
[BlackElo "1928"]

1. d4 Nf6 2. c4 g6 3. Nc3 Bg7 4. Nf3 O-O 5. g3 d6 6. Bg2 Nc6 7. O-O a6 8. Qd3 Bd7
9. d5 Nb4 10. Qd2 a5 11. Nd4 Ng4 12. Rb1 Ne5 13. b3 Qc8 14. f4 Ned3 15. e3 Bxd4
16. exd4 Nxc1 17. Rbxc1 Bh3 18. a3 Na6 19. Rfe1 Bxg2 20. Kxg2 Qd7 21. Re2 Rae8
22. Ne4 b6 23. Rce1 Kg7 24. Qd3 Nb8 25. h3 f6 26. g4 Rf7 27. g5 Qf5 28. Qf3 Qd7
29. Nxf6 exf6 30. gxf6+ Kf8 31. Rxe8+ Qxe8 32. Rxe8+ Kxe8 33. Qe4+ Kf8 34. Qe6
Nd7 35. f5 Nxf6 36. fxg6 hxg6 37. c5 bxc5 38. dxc5 dxc5 39. Qc6 Ne4 40. Qa6 Kg7
41. Qxa5 Rd7 42. Qe1 Nf6 43. Qe5 Kf7 44. Qe6+ Kg7 45. a4 Rd6 46. Qe7+ Kh6 47.
Qxc7 Rxd5 48. Qf4+ Kg7 49. a5 Rf5 50. Qc7+ Kh6 51. a6 Nd5 52. Qd8 Ne3+ 53. Kg1
Rf1+ 54. Kh2 Rf7 55. Qe8 Rf2+ 56. Kg3 Re2 57. Kf3 Re1 58. Qxe3+ 1-0

[Event "III DOLNOSLASKA LIGA SZACHOWA 2019/2020"]
[Site "Dolny Slask"]
[Date "1899-12-30"]
[Round "1.18"]
[White "Witkowski, Krzysztof"]
[Black "Mondrzycki, Bartlomiej"]
[Result "0-1"]
[WhiteTitle "I"]
[BlackTitle "I+"]
[WhiteElo "1743"]
[BlackElo "2128"]

1. e4 g6 2. d4 Bg7 3. Nc3 d6 4. Nf3 a6 5. Be3 Nd7 6. Qd2 b5 7. a4 b4 8. Nd5 a5
9. c3 e6 10. Nf4 bxc3 11. bxc3 Ngf6 12. Qc2 O-O 13. Bd3 Qe7 14. O-O e5 15. Nd5
Nxd5 16. exd5 f5 17. dxe5 dxe5 18. Bb5 Nc5 19. Ng5 h6 20. Bxc5 Qxc5 21. Ne6 Bxe6
22. dxe6 e4 23. Bd7 Be5 24. Rac1 Bd6 25. Qd2 Kg7 26. Qd4+ Qxd4 27. cxd4 Kf6 28.
g3 Rab8 29. Rb1 h5 30. f3 exf3 31. Rxb8 Rxb8 32. Rxf3 h4 33. Kg2 Rb2+ 34. Rf2
h3+ 35. Kf3 Rb3+ 36. Ke2 Rb2+ 37. Ke3 Rb3+ 38. Ke2 Ke7 39. Kd2 Rb2+ 40. Ke3 f4+
41. gxf4 Rxf2 42. Kxf2 Bxf4 43. d5 Bxh2 44. Bb5 Bd6 45. Bf1 h2 46. Kg2 Kf6 47.
Bb5 g5 48. Bc6 g4 49. Bb5 g3 50. Be2 Ke5 51. Bf3 Kf4 52. Bh5 Ke4 53. Bf7 h1=Q+
54. Kxh1 Kf3 55. Bh5+ Kf2 0-1

[Event "III DOLNOSLASKA LIGA SZACHOWA 2019/2020"]
[Site "Dolny Slask"]
[Date "1899-12-30"]
[Round "1.19"]
[White "Stelmaszuk, Maciej"]
[Black "Murawski, Eugeniusz"]
[Result "0-1"]
[WhiteTitle "I"]
[BlackTitle "I+"]
[WhiteElo "1957"]
[BlackElo "1831"]

1. d4 Nf6 2. c4 c5 3. d5 Ne4 4. f3 Qa5+ 5. Nd2 Nd6 6. e4 g6 7. Bd3 Bg7 8. Ne2 Na6
9. O-O O-O 10. f4 b5 11. cxb5 Nxb5 12. Nc4 Qc7 13. Be3 d6 14. Ng3 e6 15. f5 exd5
16. f6 Bh8 17. exd5 Bb7 18. Nf5 Bxf6 19. Nh6+ Kg7 20. Ng4 Bd4 21. Qd2 f5 22. a4
Bxe3+ 23. Ngxe3 Nd4 24. Rf4 Rae8 25. Raf1 Qe7 26. Qc3 Kg8 27. Kh1 Nb4 28. Qd2
Nxd5 29. Nxd5 Bxd5 30. Qa5 Nc6 31. Qd2 Ne5 32. Re1 Nxc4 33. Bxc4 Qxe1+ 0-1

[Event "III DOLNOSLASKA LIGA SZACHOWA 2019/2020"]
[Site "Dolny Slask"]
[Date "1899-12-30"]
[Round "1.20"]
[White "Zielezinska, Zuzanna"]
[Black "Owczarek, Monika"]
[Result "1/2-1/2"]
[WhiteTitle "II"]
[BlackTitle "I"]
[WhiteElo "1134"]
[BlackElo "1422"]

1. b3 c5 2. Bb2 Nc6 3. e3 d6 4. d3 Nf6 5. Nd2 g6 6. Ngf3 Bg7 7. g3 Bd7 8. Bg2 Rb8
9. a3 b5 10. Rb1 a5 11. c3 b4 12. a4 bxc3 13. Bxc3 Nb4 14. Nc4 O-O 15. O-O Qc7
16. Qe2 Rfd8 17. Rfd1 Nfd5 18. Bxg7 Kxg7 19. Qb2+ Kg8 20. d4 Nf6 21. dxc5 Qxc5
22. Qd4 Qc7 23. Qb2 Be6 24. Rbc1 Bxc4 25. Rxc4 Qb6 26. Qd4 Kf8 27. Qxb6 Rxb6 28.
Nd4 Rdb8 29. Rb1 Na6 30. Rc6 Nc5 31. Rxb6 Rxb6 32. Nb5 Ke8 33. Bf1 Nfe4 34. Bc4
Nd2 35. Rb2 Nxc4 36. bxc4 Nxa4 37. Ra2 Nc5 38. Rxa5 Kd7 39. Ra7+ Rb7 40. Rxb7+
Nxb7 41. Kf1 Na5 42. Na3 Kc6 43. Ke2 Kc5 44. Kd3 f5 45. Kc3 Nc6 46. f4 d5 47.
cxd5 Kxd5 48. Kd3 e5 49. Nc2 e4+ 50. Kc3 Kc5 51. Kb3 Ne7 52. Nb4 Ng8 53. Na6+
Kd6 54. Kc4 Nf6 55. h3 h6 56. Nb4 g5 57. Nc2 Nd5 58. Kd4 Ne7 59. Ne1 gxf4 60.
gxf4 h5 61. h4 Ng6 1/2-1/2

[Event "III DOLNOSLASKA LIGA SZACHOWA 2019/2020"]
[Site "Dolny Slask"]
[Date "1899-12-30"]
[Round "1.21"]
[White "Osinski, Emil"]
[Black "Klykow, Lukasz"]
[Result "1-0"]
[WhiteTitle "k"]
[BlackTitle "k+"]
[WhiteElo "2137"]
[BlackElo "2211"]

1. e4 e5 2. Nf3 Nc6 3. d4 exd4 4. Nxd4 Qf6 5. Be3 Bc5 6. c3 Nge7 7. f4 d5 8. e5
Qg6 9. f5 Nxf5 10. Nxf5 Bxf5 11. Bxc5 O-O-O 12. Nd2 d4 13. Bxd4 Nxd4 14. cxd4
Rxd4 15. Qb3 Rhd8 16. Nf3 Bc2 17. Qb5 a6 18. Qc5 R8d5 19. Qa7 Qe4+ 20. Be2 Qe3
21. Nxd4 Rxd4 22. Qa8+ Kd7 23. Qxb7 Qd2+ 24. Kf2 Rf4+ 25. Kg3 Rd4 26. Rhf1 Qxe2
27. Rxf7+ Ke6 28. Raf1 Qg4+ 29. Kf2 Rd2+ 30. Kg1 Be4 31. Qc8+ 1-0

[Event "III DOLNOSLASKA LIGA SZACHOWA 2019/2020"]
[Site "Dolny Slask"]
[Date "1899-12-30"]
[Round "1.22"]
[White "Wrobel, Maciej"]
[Black "Bes, Michal"]
[Result "0-1"]
[WhiteTitle "I++"]
[BlackTitle "k"]
[WhiteElo "1947"]
[BlackElo "2099"]

1. e4 e5 2. Nf3 Nc6 3. Bc4 Bc5 4. b4 Bb6 5. a4 a6 6. a5 Ba7 7. c3 Nf6 8. Qb3 O-O
9. d3 d6 10. Bg5 Ne7 11. Bxf6 gxf6 12. Nbd2 c6 13. Qa2 Ng6 14. g3 Bh3 15. Rg1
Qd7 16. Nf1 Rad8 17. Rd1 d5 18. Bb3 Bg4 19. Qe2 Qe7 20. Ne3 Bxe3 21. fxe3 d4 22.
h3 Bxf3 23. Qxf3 dxc3 24. Bc2 Qxb4 25. Rb1 Qxa5 0-1

[Event "III DOLNOSLASKA LIGA SZACHOWA 2019/2020"]
[Site "Dolny Slask"]
[Date "1899-12-30"]
[Round "1.23"]
[White "Bienias, Piotr"]
[Black "Lesniak, Szymon"]
[Result "1-0"]
[WhiteTitle "I++"]
[BlackTitle "II+"]
[WhiteElo "1949"]
[BlackElo "1592"]

1. e4 e5 2. Nf3 Nc6 3. Nc3 Nf6 4. d4 exd4 5. Nxd4 Bc5 6. Be3 Nxd4 7. Bxd4 Qe7 8.
Be2 Bxd4 9. Qxd4 c5 10. Qe3 O-O 11. e5 Ne8 12. Nd5 Qe6 13. Bc4 Qg4 14. Qxc5 Qe4+
15. Kf1 d6 16. exd6 Nxd6 17. Bd3 Qe5 18. Re1 b6 19. Qc6 Bb7 20. Rxe5 Bxc6 21.
Ne7+ Kh8 22. Nxc6 Rfc8 23. Nd4 Rd8 24. Nf3 Rac8 25. g3 f6 26. Re2 g5 27. h3 Nb7
28. b4 Rc3 29. Re7 Nd6 30. Kg2 Nc4 31. Rhe1 Nb2 32. Rxh7+ Kg8 33. Ree7 Nxd3 34.
cxd3 Rdxd3 35. h4 Rxf3 36. h5 Rfd3 37. Reg7+ Kf8 38. h6 1-0

[Event "III DOLNOSLASKA LIGA SZACHOWA 2019/2020"]
[Site "Dolny Slask"]
[Date "1899-12-30"]
[Round "1.24"]
[White "Wilgosz, Jan"]
[Black "Galant, Ireneusz"]
[Result "0-1"]
[WhiteTitle "II"]
[BlackTitle "I"]
[WhiteElo "1482"]
[BlackElo "1817"]

1. e4 c5 2. Nc3 Nc6 3. f4 d6 4. Nf3 g6 5. Bb5 Bg7 6. Bxc6+ bxc6 7. O-O e6 8. e5
d5 9. d3 Nh6 10. b3 O-O 11. Ba3 Qa5 12. Na4 Ba6 13. Qe1 Qc7 14. Bxc5 Rfd8 15.
Bd6 Rxd6 16. exd6 Qxd6 17. Ne5 f6 18. Nf3 Re8 19. Qa5 Bc8 20. Qc5 Qxf4 21. Qxc6
Rf8 22. Nc5 f5 23. Nxe6 Qe3+ 24. Kh1 Qxe6 25. Qxe6+ Bxe6 26. Rae1 Bc8 27. Re7
a6 28. Rfe1 Bf6 29. Rc7 d4 30. Nd2 Bh4 31. Re2 Bg5 32. Nc4 Bf4 33. Ra7 Bg5 34.
Rc7 f4 35. Nd6 Bg4 36. Re4 f3 37. Kg1 f2+ 38. Kf1 Be3 39. h3 Be2+ 40. Kxe2 f1=Q#
0-1

[Event "III DOLNOSLASKA LIGA SZACHOWA 2019/2020"]
[Site "Dolny Slask"]
[Date "1899-12-30"]
[Round "1.25"]
[White "Rogacka, Natalia"]
[Black "Wrobel, Ewelina"]
[Result "1/2-1/2"]
[WhiteTitle "I"]
[BlackTitle "I"]
[WhiteElo "1621"]
[BlackElo "1741"]

1. e4 e5 2. Nc3 Bc5 3. Bc4 Nf6 4. Nf3 Nc6 5. O-O O-O 6. d3 h6 7. a3 a6 8. b4 Ba7
9. Be3 d6 10. Qd2 Ng4 11. Bxa7 Rxa7 12. h3 Nf6 13. d4 b5 14. Bb3 Bb7 15. Rfe1
Ra8 16. Nd5 Re8 17. Nxf6+ Qxf6 18. d5 Ne7 19. c4 Bc8 20. Kh2 Ng6 21. Ng1 Bd7 22.
c5 Nf4 23. g3 Nh5 24. Re3 Qg6 25. Rc1 f5 26. exf5 Bxf5 27. g4 Nf4 28. Rg3 Bd7
29. Bc2 Qf6 30. Rf3 Qh4 31. Rg3 Rf8 32. Nf3 Qe7 33. Be4 g5 34. Rc3 Rfc8 35. Rg1
Be8 36. Qc2 Qd7 37. Bf5 Qe7 38. Bxc8 Rxc8 39. Qd2 e4 40. Re1 Bf7 41. Nd4 Bxd5
42. cxd6 Qxd6 43. Nf5 Qe5 44. Kg1 Kh7 45. Rce3 Rd8 46. Qc2 Rd7 47. Qc5 Qf6 48.
Rd1 Nd3 49. Qc2 Qf7 50. Ng3 Bb3 1/2-1/2

[Event "III DOLNOSLASKA LIGA SZACHOWA 2019/2020"]
[Site "Dolny Slask"]
[Date "1899-12-30"]
[Round "1.26"]
[White "Luba, Lukasz"]
[Black "Kmiecik, Wojciech"]
[Result "1-0"]
[WhiteTitle "I++"]
[BlackTitle "I+"]
[WhiteElo "2178"]
[BlackElo "1947"]

1. d4 e6 2. Nc3 d5 3. a3 Nf6 4. Bf4 Bd6 5. Bg3 O-O 6. e3 a6 7. Nf3 c5 8. Ne5 Qc7
9. Bd3 Nc6 10. f4 cxd4 11. exd4 Nxd4 12. Bxh7+ Nxh7 13. Qxd4 b5 14. Bf2 Bb7 15.
O-O Rac8 16. Rad1 f6 17. Ng6 Rfe8 18. Rd3 Qf7 19. Rg3 Nf8 20. Nxf8 Rxf8 21. Qd2
Rc4 22. Ne2 Qc7 23. Rg4 Rxc2 24. Qd3 f5 25. Rg6 Qc4 26. Qg3 Rf7 27. Rxe6 Bf8 28.
b3 Qc8 29. Nd4 Rd2 30. Rfe1 Qc7 31. Qg5 Qc5 32. b4 Qa7 33. Qg3 Bc8 34. Re8 Bd7
35. Ne6 Qxf2+ 36. Qxf2 Rxf2 37. Rxf8+ Rxf8 38. Nxf8 1-0

[Event "III DOLNOSLASKA LIGA SZACHOWA 2019/2020"]
[Site "Dolny Slask"]
[Date "1899-12-30"]
[Round "1.27"]
[White "Guziewicz, Wojciech"]
[Black "Laszewicz, Pawel"]
[Result "0-1"]
[WhiteTitle "I"]
[BlackTitle "k"]
[WhiteElo "1780"]
[BlackElo "2150"]

1. e4 e5 2. Bc4 Nf6 3. d3 c6 4. Nf3 d5 5. exd5 cxd5 6. Bb5+ Nbd7 7. O-O Bd6 8.
Re1 O-O 9. Bg5 h6 10. Bxd7 Bxd7 11. Bh4 Re8 12. Nbd2 Bc6 13. Bg3 Qc7 14. a3 a5
15. Rc1 Rad8 16. d4 e4 17. Ne5 Nd7 18. Nxc6 bxc6 19. Bxd6 Qxd6 20. c3 Re6 21.
b4 Rde8 22. Nf1 f5 23. Rc2 f4 24. Kh1 Nb6 25. Nd2 a4 26. Ra2 e3 27. fxe3 Rxe3
28. Rxe3 Rxe3 29. Rc2 Qe6 30. Rc1 Rd3 31. Qc2 Qe2 32. Nf3 Qxc2 33. Rxc2 Rd1+ 34.
Ng1 Nc4 35. h3 Nxa3 36. Ra2 Nb5 37. Rxa4 Nxc3 38. Ra8+ Kh7 39. Kh2 Nb5 40. Ne2
f3 41. Ng3 Rd2 0-1